| 000 | 00689cam a22002295a 4500 | ||
|---|---|---|---|
| 001 | 17240556 | ||
| 005 | 20170105102851.0 | ||
| 008 | 120403s2012 enk 000 0 eng | ||
| 010 | _a 2012454791 | ||
| 020 | _a9781441159847 (hbk.) | ||
| 020 | _a9781441124623 (pbk.) | ||
| 040 |
_aDLC _cDLC |
||
| 042 | _apcc | ||
| 050 | 0 | 0 | _a* |
| 100 | 1 | _aZellen, Barry Scott. | |
| 245 | 1 | 0 |
_aState of doom : _bBernard Brodie, the bomb, and the birth of the bipolar world / _cBarry Scott Zellen. |
| 260 |
_aLondon : _bContinuum, _c2012. |
||
| 300 |
_a342 p. ; _c23 cm. |
||
| 906 |
_a0 _bibc _corignew _d2 _encip _f20 _gy-gencatlg |
||
| 942 |
_2ddc _cBK |
||
| 999 |
_c14258 _d14258 |
||